000 00966nam a2200253 i 4500
001 157771
003 ES-MaACL
005 20250930063137.0
008 931025s1787 sp |||| | spa d
080 _a58
100 0 _aLinné, Carl von,
_d1707-1778
_972451
245 1 0 _aParte práctica de botánica /
_cdel caballero Carlos Linneo... ; traducida del latin en castellano e ilustrada por don Antonio Paláu y Verdéra... ; tomo VI.
260 _aMadrid :
_ben la Imprenta Real,
_c1787.
300 _a[4], 925 [i.e. 923] p. ;
_c8º.
546 _aTexto paralelo latín-español.
597 _aSign.: [ ]2, A-Z8, 2A-2Z8, 3A-3L8, 3M6.
597 _aError de pag.: de p. 687 pasa a p. 690.
597 _aParte del texto a dos col.
597 _aAntep.
650 7 _aBotánica
_2embne
_910610
700 1 _aPalau y Verdera, Antonio.
_988508
852 4 _aES-MaACL
_jR-2161-69
_z- Enc. pasta
_x Olim G-7079-87
999 _c157771
_d157771